Heroes Of Might & Magic III Creatures quiz - Statistics

General Stats
  • This quiz has been taken 128 times
  • The average score is 30 of 63
Answer Stats
Level Town Creature % Correct
1 Castle Pikemen
96%
7 Castle Angels
67%
5 Castle Monks
65%
7 Dungeon Red Dragons
63%
3 Castle Griffins
61%
2 Dungeon Harpies
61%
5 Dungeon Minotaurs
61%
4 Castle Swordsmen
61%
4 Dungeon Medusas
59%
2 Conflux Air Elementals
57%
2 Castle Archers
57%
7 Inferno Devils
57%
5 Conflux Earth Elementals
57%
6 Rampart Unicorns
57%
3 Conflux Water Elementals
57%
1 Rampart Centaurs
56%
7 Conflux Firebirds
56%
4 Conflux Fire Elementals
56%
1 Stronghold Goblin
56%
7 Rampart Green Dragons
56%
7 Fortress Hydras
56%
1 Dungeon Troglodytes
56%
6 Stronghold Cyclops
55%
2 Rampart Dwarves
53%
6 Dungeon Manticores
53%
7 Stronghold Behemoths
52%
4 Inferno Demons
52%
1 Inferno Imps
52%
4 Tower Magi
52%
1 Conflux Pixies
52%
3 Rampart Wood Elves
52%
2 Inferno Gogs
51%
5 Fortress Gorgons
51%
2 Fortress Lizardmen
51%
4 Stronghold Ogres
51%
3 Stronghold Orcs
51%
6 Fortress Wyverns
51%
3 Inferno Hell Hounds
49%
4 Rampart Pegasus
49%
3 Dungeon Beholders
48%
6 Castle Cavaliers
48%
7 Tower Giants
48%
1 Tower Gremlins
48%
6 Tower Nagas
48%
2 Stronghold Wolf Riders
48%
4 Fortress Basilisks
47%
5 Stronghold Rocs
47%
3 Tower Stone Golems
43%
6 Conflux Psychic Elementals
39%
1 Necropolis Skeletons
37%
6 Inferno Efreets
36%
5 Necropolis Liches
36%
7 Necropolis Bone Dragons
35%
4 Necropolis Vampires
35%
5 Rampart Dendroid Guards
32%
3 Fortress Serpent flies
32%
2 Necropolis Walking Dead
32%
6 Necropolis Black Knights
29%
5 Inferno Pit Fiends
28%
3 Necropolis Wights
20%
5 Tower Genes
8%
1 Fortress Gnoles
8%
2 Tower Stone Gargolyes
5%
No matching quizzes found
Score Distribution
Percent of People with Each Score
Percentile by Number Answered
Your Score History
You have not taken this quiz